Normal view MARC view
  • AUGSBURGER, LARRY L. AND HOAG , STEPHEN W

Entry Personal Name

Number of records used in: 1

001 - CONTROL NUMBER

  • control field: 7738

003 - CONTROL NUMBER IDENTIFIER

  • control field: JRU

005 - DATE AND TIME OF LATEST TRANSACTION

  • control field: 20230403160417.0

008 - FIXED-LENGTH DATA ELEMENTS

  • fixed length control field: 230403|| aca||aabn | a|a d

040 ## - CATALOGING SOURCE

  • Original cataloging agency: JRU
  • Transcribing agency: JRU

100 ## - HEADING--PERSONAL NAME

  • Personal name: AUGSBURGER, LARRY L. AND HOAG , STEPHEN W

670 ## - SOURCE DATA FOUND

  • Source citation: Work cat.: (JRU)8218: AUGSBURGER, LARRY L. AND HOAG , STEPHEN W, PHARMACEUTICAL DOSAGE FORM : MANUFACTURE AND PROCESS CONTROL VOL-3